Municipis més poblats de Catalunya - Statistics

General Stats
  • This quiz has been taken 49 times
  • The average score is 14 of 15
Answer Stats
Població Municipi % Correct
1.664.182 Barcelona
100%
103.369 Girona
100%
136.496 Tarragona
100%
223.166 Badalona
97%
269.382 L'Hospitalet de Llobregat
97%
216.520 Sabadell
97%
223.627 Terrassa
97%
129.661 Mataró
94%
140.403 Lleida
92%
92.977 Sant Cugat del Vallès
92%
89.936 Cornellà de Llobregat
89%
120.443 Santa Coloma de Gramenet
89%
84.500 Sant Boi de Llobregat
83%
106.168 Reus
75%
78.591 Rubí
72%
No matching quizzes found
Score Distribution
Percent of People with Each Score
Percentile by Number Answered
Your Score History
You have not taken this quiz